| 000 | 00490nam a2200193Ia 4500 | ||
|---|---|---|---|
| 008 | 170203s9999 xx 000 0 und d | ||
| 020 | _a0 439620392 | ||
| 050 | _a0 30 | ||
| 050 | _bSc368 2005 | ||
| 245 | _aScholastic pocket dictionary / | ||
| 260 | _aNew York, N.Y. : | ||
| 260 | _bScholastic, Inc. | ||
| 260 | _c2005 | ||
| 300 | _aviii, 615 pages ; | ||
| 300 | _c20 cm. | ||
| 650 | _aEnglish language -- | ||
| 650 | _aEnglish language. | ||
| 650 | _xDictionaries, Juvenile. | ||
| 999 |
_c305571 _d305571 |
||